Operational Risks of Insurance Companies in Slovakia

Salvato in:
Dettagli Bibliografici
Autore principale: Krátka, Zuzana, 1968-
Natura: Capitolo di libro
Lingua:inglese
Soggetti:
Tags: Aggiungi Tag
Nessun Tag, puoi essere il primo ad aggiungerne!!

MARC

LEADER 00000naa$a2200000$$$4500
001 0305662
005 20250128095647.5
041 0 |a eng 
044 |a SK 
245 1 0 |a Operational Risks of Insurance Companies in Slovakia  |c Zuzana Krátka 
500 |a Abstrakt 
610 2 0 |a poisťovne 
610 2 0 |a riziko 
610 2 0 |a Slovensko 
100 1 |a Krátka, Zuzana, 1968-